Sites de Cergy Tech par photo - Statistiques

Statistiques générales
  • Ce quiz a été pris 24 fois
  • Le résultat moyen est 4 sur 7
Statistiques - réponses
Par images Réponse % Correct
site des Chênes
89%
site de Saint-Martin
74%
site de Neuville
58%
site de Fermat
42%
site du Parc
42%
site de Pau
32%
site de Saint-Germain en Laye
16%
Aucun quiz correspondant
Distribution des résultats
% des personnes avec chaque résultat
Percentile par nombre de réponses
Votre historique - résultats
Vous n’avez pas pris ce quiz